| 000 | 00931nam a2200277 a 4500 | ||
|---|---|---|---|
| 001 | 000037980 | ||
| 003 | DO-SdBNP | ||
| 005 | 20171016131741.0 | ||
| 007 | 000037980 | ||
| 008 | 130311s2005 dr 000 0 spa d | ||
| 020 | _a9945111248 | ||
| 040 |
_aBPMSU _bspa _cBPMSU |
||
| 082 | 4 |
_aRD863.44 _bB891p |
|
| 100 | _4Brugal, María Consuelo | ||
| 245 | 1 | 3 |
_aEl perro que quería ser gato / _cMaría Consuelo Brugal ; ilustraciones Elías Roedán |
| 260 |
_bAlfaguara, _bBúho _aSanto Domingo : _c2005 |
||
| 300 |
_a35 p. : _bil. ; _c20 cm. |
||
| 490 | _aAfaguara infantil | ||
| 500 | _aLa biblioteca posee la 2 reimpresión del 2008, 3 reimpresión del 2010 y quinta reimpresión del 2013 | ||
| 700 |
_aRoedán, Elías _eil. |
||
| 830 | _aAlfaguara infantil | ||
| 942 |
_2ddc _cBK |
||
| 945 | _aInventariado infantil / 2017 VM | ||
| 956 |
_aVMATEO _b10 _c20130423 _lBPMSU _h0069 |
||
| 956 | _aValidado. Control de calidad MFF | ||
| 999 |
_c7586 _d7586 |
||